| 000 | 00529nam a22001577a 4500 | ||
|---|---|---|---|
| 999 |
_c20314 _d20314 |
||
| 008 | 240522b ||||| |||| 00| 0 eng d | ||
| 082 |
_aDFil 570 _bM48 2002 |
||
| 100 |
_aMelchor, Marciano B. _916120 |
||
| 245 |
_aTechnology integrated college biology sourcebook / _cMarciano B. Melchor. |
||
| 250 | _a2002 revised edition. | ||
| 260 |
_aDavao City : _bJimarmel Publications, _c©2002. |
||
| 300 |
_ai, 132 pages : _billustrations ; _c21 cm. |
||
| 500 | _aIncludes bibliography. | ||
| 650 |
_aBiology. _957282 |
||
| 942 |
_2ddc _cDFIL |
||